[Event "FRA-chT"]
[Site "FRA"]
[Date "1998.05.10"]
[Round "10"]
[White "Legky, Nikolay A"]
[Black "Salaun, Yann"]
[Result "1-0"]
[WhiteElo "2480"]
[BlackElo "2360"]
[PlyCount "91"]
[EventDate "1998.02.06"]
[Source "ChesBase"]
[SourceDate "1998.07.07"]

1. d4 d5 2. c4 e6 3. Nc3 c5 4. cxd5 exd5 5. Nf3 Nf6 6. g3 Nc6 7. Bg2 Be7 8. O-O
O-O 9. dxc5 Bxc5 10. Bg5 d4 11. Bxf6 Qxf6 12. Nd5 Qd8 13. Nd2 Bh3 14. Bxh3 Qxd5
15. Bg2 Qe6 16. Nb3 Bb6 17. a3 Rad8 18. Nc1 Rfe8 19. b4 h6 20. Ra2 Re7 21. Rc2
Rc7 22. Nd3 Qf5 23. Qb1 Re7 24. a4 Ne5 25. a5 Bc7 26. Rd1 Nxd3 27. Rxd3 Bd6 28.
Bf3 Be5 29. Kg2 g6 30. Qb3 Qf6 31. Rc5 Kg7 32. b5 Rdd7 33. Rc8 Rc7 34. Ra8 b6
35. a6 Bd6 36. Qd5 Rc5 37. Qxd4 Qxd4 38. Rxd4 Be5 39. Rd5 Rc2 40. Rxa7 Rxa7 41.
Rxe5 Kf6 42. Re8 Rc5 43. Bc6 Re5 44. Rb8 Rxe2 45. Rxb6 Re6 46. Rb7 1-0

[Event "FRA-chT"]
[Site "FRA"]
[Date "1998.05.10"]
[Round "10"]
[White "Leski, Marc"]
[Black "Apicella, Manuel"]
[Result "0-1"]
[WhiteElo "2425"]
[BlackElo "2520"]
[PlyCount "64"]
[EventDate "1998.02.06"]
[Source "ChesBase"]
[SourceDate "1998.07.07"]

1. Nf3 d5 2. d4 e6 3. c4 c6 4. Qc2 Bd6 5. g3 f5 6. Bf4 Bxf4 7. gxf4 Nf6 8. e3
O-O 9. Nc3 Ne4 10. O-O-O Nd7 11. Bd3 b6 12. Rhg1 Bb7 13. Bxe4 fxe4 14. Ne5 Nxe5
15. dxe5 Qh4 16. cxd5 cxd5 17. Qe2 Rac8 18. Qg4 Qxg4 19. Rxg4 Ba6 20. Kd2 Bd3
21. Rc1 Rc5 22. Rgg1 Rfc8 23. a3 Kf7 24. f3 b5 25. fxe4 dxe4 26. Rg2 a5 27. Kd1
b4 28. axb4 axb4 29. Na2 Bc4 30. Nxb4 Be2+ 31. Kxe2 Rxc1 32. Kf2 Rb8 0-1

[Event "FRA-chT"]
[Site "FRA"]
[Date "1998.05.10"]
[Round "10"]
[White "Lopez, Jorge"]
[Black "Kovarcik, Thomas"]
[Result "1/2-1/2"]
[WhiteElo "2195"]
[BlackElo "2190"]
[PlyCount "52"]
[EventDate "1998.02.06"]
[Source "ChesBase"]
[SourceDate "1998.07.07"]

1. d4 d5 2. Nf3 c6 3. e3 Nf6 4. Bd3 Bg4 5. c3 Nbd7 6. Nbd2 e6 7. Qe2 Be7 8. e4
dxe4 9. Nxe4 Nxe4 10. Bxe4 Nf6 11. Bd3 Qd5 12. Bf4 Bxf3 13. Qxf3 Qxf3 14. gxf3
O-O-O 15. O-O-O Nh5 16. Be3 Bd6 17. Rhg1 g6 18. h3 Kc7 19. Kc2 Rhe8 20. Rge1
Bf4 21. Bf1 Rd7 22. Rd2 Rde7 23. Red1 Rd7 24. Bc4 a5 25. a4 Red8 26. Bf1 b6
1/2-1/2

[Event "FRA-chT"]
[Site "FRA"]
[Date "1998.05.10"]
[Round "10"]
[White "Magem Badals, Jorge"]
[Black "Spiridonov, Nikola"]
[Result "1/2-1/2"]
[WhiteElo "2535"]
[BlackElo "2395"]
[PlyCount "69"]
[EventDate "1998.02.06"]
[Source "ChesBase"]
[SourceDate "1998.07.07"]

1. e4 c6 2. d4 d5 3. e5 Bf5 4. h4 h5 5. c4 e6 6. Nc3 dxc4 7. Bxc4 Nd7 8. Nge2
Nb6 9. Bb3 Ne7 10. Bg5 Qd7 11. O-O Ned5 12. Ng3 Bg6 13. Nce4 Be7 14. Bxe7 Bxe4
15. Nxe4 Qxe7 16. Nd6+ Kf8 17. Qf3 g6 18. Qg3 Nc8 19. Rac1 Nxd6 20. exd6 Qf6
21. Bxd5 exd5 22. Qb3 Qxd6 23. Qxb7 Rb8 24. Rxc6 Rxb7 25. Rxd6 Rxb2 26. a4 Rb4
27. Rxd5 Rxa4 28. Re1 Kg7 29. Rd7 a5 30. g3 Rb4 31. Ree7 Rf8 32. d5 Rd4 33. d6
Kf6 34. Re3 Rd5 35. Kg2 1/2-1/2

[Event "FRA-chT"]
[Site "FRA"]
[Date "1998.05.10"]
[Round "10"]
[White "Marciano, David"]
[Black "Herb, Pascal"]
[Result "1/2-1/2"]
[WhiteElo "2485"]
[BlackElo "2345"]
[PlyCount "49"]
[EventDate "1998.02.06"]
[Source "ChesBase"]
[SourceDate "1998.07.07"]

1. e4 e5 2. Nf3 Nc6 3. Nc3 Nf6 4. g3 Bc5 5. Bg2 d6 6. d3 O-O 7. Na4 Re8 8. O-O
Bg4 9. h3 Bxf3 10. Qxf3 a6 11. Nxc5 dxc5 12. Be3 Qd6 13. Qe2 Rad8 14. Rad1 Nd4
15. Qd2 Qe7 16. c3 Nc6 17. Qe2 b6 18. a3 a5 19. a4 Rd6 20. f4 c4 21. dxc4 Rxd1
22. Rxd1 exf4 23. Bxf4 Ne5 24. Kh1 h6 25. Be3 1/2-1/2

[Event "FRA-chT"]
[Site "FRA"]
[Date "1998.05.10"]
[Round "10"]
[White "Marzolo, Cyril"]
[Black "Gouret, Thierry"]
[Result "1/2-1/2"]
[WhiteElo "2355"]
[BlackElo "2275"]
[PlyCount "126"]
[EventDate "1998.02.06"]
[Source "ChesBase"]
[SourceDate "1998.07.07"]

1. d4 e6 2. e4 d5 3. Nd2 dxe4 4. Nxe4 Nd7 5. Nf3 Ngf6 6. Nxf6+ Nxf6 7. Bg5 Be7
8. Bd3 b6 9. Qe2 Bb7 10. O-O-O Nd5 11. h4 Nb4 12. Be4 Bxe4 13. Qxe4 Qd5 14.
Qxd5 Nxd5 15. c4 Nf6 16. Rhe1 c6 17. d5 cxd5 18. cxd5 Rc8+ 19. Kb1 Rd8 20. dxe6
Rxd1+ 21. Rxd1 fxe6 22. Re1 Kd7 23. Ne5+ Kc7 24. Nd3 Kd7 25. Nf4 h6 26. Rd1+
Bd6 27. Ng6 Rc8 28. Be3 Nd5 29. Bd4 h5 30. f3 Ne7 31. Nxe7 Kxe7 32. Bxg7 Bf4
33. Bc3 Rg8 34. Bd2 e5 35. Bxf4 exf4 36. Rd2 Ke6 37. Kc1 Ke5 38. Kd1 Rc8 39.
Ke1 Rc1+ 40. Kf2 Rb1 41. a3 a5 42. Ke2 Rh1 43. Kf2 Rb1 44. Rc2 Kd4 45. g4 fxg3+
46. Kxg3 b5 47. Kf4 b4 48. Rd2+ Kc4 49. axb4 axb4 50. Kg5 Kb3 51. f4 Rxb2 52.
Rxb2+ Kxb2 53. f5 b3 54. f6 Kc3 55. f7 b2 56. f8=Q b1=Q 57. Qf6+ Kc4 58. Kxh5
Qh7+ 59. Kg5 Kb3 60. h5 Ka3 61. h6 Qg8+ 62. Kf5 Qd5+ 63. Kg6 Qg8+ 1/2-1/2

[Event "FRA-chT"]
[Site "FRA"]
[Date "1998.05.10"]
[Round "10"]
[White "Miralles, Gilles"]
[Black "Sellos, Didier"]
[Result "1/2-1/2"]
[WhiteElo "2520"]
[BlackElo "2405"]
[PlyCount "51"]
[EventDate "1998.02.06"]
[Source "ChesBase"]
[SourceDate "1998.07.07"]

1. d4 Nf6 2. c4 e6 3. Nf3 b6 4. Nc3 Bb7 5. g3 Bb4 6. Qb3 c5 7. Bg2 Nc6 8. O-O
cxd4 9. Nb5 O-O 10. Nfxd4 Nxd4 11. Nxd4 Bxg2 12. Kxg2 Bc5 13. Rd1 Qc7 14. f3
Qe5 15. Bf4 Qh5 16. g4 Qg6 17. Qd3 Qxd3 18. Rxd3 d5 19. Rc1 dxc4 20. Rxc4 Rfd8
21. b4 Bxd4 22. Rcxd4 Rxd4 23. Rxd4 b5 24. e4 h6 25. Rd3 a6 26. Be5 1/2-1/2

[Event "FRA-chT"]
[Site "FRA"]
[Date "1998.05.10"]
[Round "10"]
[White "Neuillet, Alexandre"]
[Black "Maier, Christian"]
[Result "1-0"]
[WhiteElo "2245"]
[BlackElo "2380"]
[PlyCount "119"]
[EventDate "1998.02.06"]
[Source "ChesBase"]
[SourceDate "1998.07.07"]

1. d4 Nf6 2. Nf3 e6 3. Bg5 c5 4. e3 Qb6 5. Nbd2 Qxb2 6. Bxf6 gxf6 7. Ne4 cxd4
8. Nxf6+ Ke7 9. Ne4 d5 10. Rb1 Qxa2 11. Ng3 Qa5+ 12. Nd2 dxe3 13. fxe3 Bh6 14.
Rb5 Qc3 15. Rb3 Qe5 16. Nf3 Qg7 17. Qc1 Rd8 18. Be2 Nd7 19. Qa3+ Ke8 20. O-O
Qh8 21. Nh5 Bf8 22. Qa4 Be7 23. Nd4 Qe5 24. Nxe6 fxe6 25. Ng7+ Qxg7 26. Bh5+
Qg6 27. Qg4 Ne5 28. Bxg6+ hxg6 29. Qf4 Bd6 30. Qf6 Kd7 31. Rc3 Re8 32. e4 d4
33. Rh3 Kc6 34. Rd1 Rf8 35. Qg5 Nc4 36. Qxg6 Bd7 37. Rb1 b5 38. Rh7 a6 39. h4
Be5 40. h5 Rf6 41. Qg7 Rf1+ 42. Rxf1 Bxg7 43. Rxg7 Kd6 44. h6 Rh8 45. h7 Bc6
46. Rf8 Rxh7 47. Rxh7 Bxe4 48. Rd8+ Kc5 49. Rc7+ Kb4 50. Rxd4 Bxc2 51. g4 a5
52. g5 a4 53. Ra7 a3 54. Rf4 Bg6 55. Kh2 e5 56. Rf6 Bc2 57. g6 Na5 58. g7 Bh7
59. Rfa6 Nc4 60. Ra8 1-0

[Event "FRA-chT"]
[Site "FRA"]
[Date "1998.05.10"]
[Round "10"]
[White "Pecot, Laurent"]
[Black "Muller, Anne"]
[Result "1-0"]
[WhiteElo "2210"]
[BlackElo "2115"]
[PlyCount "99"]
[EventDate "1998.02.06"]
[Source "ChesBase"]
[SourceDate "1998.07.07"]

1. d4 Nf6 2. Nf3 e6 3. e3 c5 4. Bd3 b6 5. O-O Bb7 6. Nbd2 cxd4 7. exd4 Be7 8.
c4 O-O 9. b3 d6 10. Bb2 Nbd7 11. Qe2 Rc8 12. Rae1 Re8 13. Bb1 Qc7 14. Qd3 Nf8
15. Nh4 Qc6 16. Qh3 d5 17. Nhf3 Ng6 18. Ne5 Qd6 19. Nxg6 hxg6 20. Nf3 Ne4 21.
Ne5 Bf6 22. Rxe4 dxe4 23. Qh8+ Kxh8 24. Nxf7+ Kg8 25. Nxd6 Red8 26. Nxb7 Rd7
27. Bxe4 Bxd4 28. Bxd4 Rxd4 29. Bf3 Rc7 30. c5 bxc5 31. Na5 Rd2 32. a4 Kf7 33.
Nc4 Ra2 34. h4 Kf6 35. Rd1 Rc8 36. Nd6 Rh8 37. Ne4+ Ke5 38. g3 Rc8 39. Nd6 Rb8
40. Nc4+ Kf6 41. Rd3 g5 42. h5 Ra1+ 43. Kg2 Rb1 44. Nd2 Rc1 45. Rd7 a5 46. Ra7
Rc2 47. Nc4 Rc1 48. Ne3 e5 49. Bd5 Rf8 50. Ra6+ 1-0

[Event "FRA-chT"]
[Site "FRA"]
[Date "1998.05.10"]
[Round "10"]
[White "Pira, Davoud"]
[Black "Lazarev, Vladimir"]
[Result "0-1"]
[WhiteElo "2340"]
[BlackElo "2490"]
[PlyCount "96"]
[EventDate "1998.02.06"]
[Source "ChesBase"]
[SourceDate "1998.07.07"]

1. d4 Nf6 2. Nf3 c5 3. d5 d6 4. Nc3 g6 5. e4 Bg7 6. Bb5+ Bd7 7. a4 O-O 8. h3
Na6 9. O-O Nc7 10. Bc4 e5 11. dxe6 Bxe6 12. Qd3 d5 13. exd5 Ncxd5 14. Nxd5 Bxd5
15. Bg5 Bxc4 16. Qxc4 h6 17. Rad1 Qb6 18. Be3 Qb4 19. Ne5 Qxc4 20. Nxc4 Rfd8
21. Nd6 b6 22. Rd2 Ne8 23. Rfd1 Nxd6 24. Rxd6 Rxd6 25. Rxd6 Bxb2 26. Bxh6 Re8
27. Bd2 Re4 28. a5 bxa5 29. Bxa5 Ra4 30. Rd8+ Kg7 31. Bc7 Bd4 32. Rc8 Ra1+ 33.
Kh2 Ra2 34. c4 Rc2 35. Ra8 Ra2 36. f4 Kf6 37. Bb6 Kf5 38. Rxa7 Rxa7 39. Bxa7
Kxf4 40. g4 Kf3 41. Bb6 g5 42. Kh1 Kg3 43. Ba7 f5 44. Bb8+ f4 45. Bd6 Be3 46.
Be7 f3 47. Bd6+ Kxh3 48. Bxc5 f2 0-1

[Event "FRA-chT"]
[Site "FRA"]
[Date "1998.05.10"]
[Round "10"]
[White "Rodier, Arnaud"]
[Black "Duquesnoy, Jean Philip"]
[Result "0-1"]
[WhiteElo "2195"]
[BlackElo "2240"]
[PlyCount "92"]
[EventDate "1998.02.06"]
[Source "ChesBase"]
[SourceDate "1998.07.07"]

1. d4 Nf6 2. c4 g6 3. Nc3 d5 4. Nf3 Bg7 5. Bg5 Ne4 6. cxd5 Nxg5 7. Nxg5 e6 8.
Qd2 exd5 9. Qe3+ Kf8 10. Qf4 Qf6 11. Qxc7 Na6 12. Qg3 Nb4 13. Rc1 h6 14. Nf3
Bf5 15. e3 Qb6 16. Ne5 Kg8 17. f4 Nc2+ 18. Kd1 Qxb2 19. e4 Nxd4 20. exf5 Nxf5
21. Qd3 d4 22. Nd5 Rd8 23. Rb1 Qxa2 24. Nb4 Qf2 25. Be2 Ne3+ 26. Kc1 Qxf4 27.
Nf3 Nd5+ 28. Qd2 Rc8+ 29. Kd1 Nc3+ 30. Ke1 Qe4 31. Rb2 a5 32. Nd3 b5 33. Kf2 h5
34. Re1 Bh6 35. Qc2 Be3+ 36. Kf1 Kg7 37. Qb3 a4 38. Qa3 Nxe2 39. Rbxe2 Rc3 40.
Rxe3 Qc6 41. Qe7 dxe3 42. Nde5 Qf6 43. Qb7 Rb3 44. Qe4 Re8 45. Rxe3 Rxe3 46.
Qxe3 Rxe5 0-1

[Event "FRA-chT"]
[Site "FRA"]
[Date "1998.05.10"]
[Round "10"]
[White "Roos, Daniel"]
[Black "Glavina, Pablo"]
[Result "1-0"]
[WhiteElo "2430"]
[BlackElo "2425"]
[PlyCount "65"]
[EventDate "1998.02.06"]
[Source "ChesBase"]
[SourceDate "1998.07.07"]

1. g3 g6 2. Bg2 Bg7 3. d4 d6 4. e4 Nf6 5. Ne2 O-O 6. O-O e5 7. dxe5 dxe5 8. b3
a5 9. Nbc3 Nc6 10. Bg5 Be6 11. Nd5 Bxd5 12. exd5 Ne7 13. c4 h6 14. Bxf6 Bxf6
15. Qd2 Bg7 16. Rac1 Qd7 17. Rfd1 Rfd8 18. Qc2 Kh7 19. c5 Qb5 20. a4 Qa6 21.
Qc4 Qxc4 22. bxc4 Rd7 23. Rb1 Ra7 24. d6 Nf5 25. Bxb7 Bf6 26. Nc3 Nd4 27. Nd5
Bd8 28. dxc7 Rxc7 29. Nxc7 Bxc7 30. Rd3 Kg7 31. c6 Kf8 32. Rb5 Ne6 33. Rd7 1-0

[Event "FRA-chT"]
[Site "FRA"]
[Date "1998.05.10"]
[Round "10"]
[White "Roos, Jean Luc"]
[Black "Mulder, Bart Piet"]
[Result "1/2-1/2"]
[WhiteElo "2315"]
[BlackElo "2210"]
[PlyCount "63"]
[EventDate "1998.02.06"]
[Source "ChesBase"]
[SourceDate "1998.07.07"]

1. e4 c6 2. d4 d5 3. Nd2 dxe4 4. Nxe4 Bf5 5. Ng3 Bg6 6. h4 h6 7. h5 Bh7 8. Nf3
Nd7 9. Bd3 Bxd3 10. Qxd3 e6 11. Bd2 Ngf6 12. O-O-O Qc7 13. Qe2 O-O-O 14. Ne5
Nxe5 15. dxe5 Nd7 16. f4 Be7 17. Bc3 Nc5 18. Ne4 Nxe4 19. Qxe4 Rxd1+ 20. Rxd1
Rd8 21. g4 Rxd1+ 22. Kxd1 Qb6 23. Qd4 Qa6 24. Qd3 Qxa2 25. b3 Qb1+ 26. Ke2 Qh1
27. Qf3 Qc1 28. Kd3 Qa3 29. Qe4 Qc1 30. Qf3 Qa3 31. Qe4 Qc1 32. Qf3 1/2-1/2

[Event "FRA-chT"]
[Site "FRA"]
[Date "1998.05.10"]
[Round "10"]
[White "Roser, Kevin"]
[Black "Lefebvre, Herve"]
[Result "1-0"]
[WhiteElo "2255"]
[BlackElo "2125"]
[PlyCount "67"]
[EventDate "1998.02.06"]
[Source "ChesBase"]
[SourceDate "1998.07.07"]

1. e4 c5 2. Nf3 d6 3. d4 cxd4 4. Nxd4 Nf6 5. Nc3 a6 6. Be2 e6 7. O-O Be7 8. f4
O-O 9. Be3 Qc7 10. g4 Re8 11. g5 Nfd7 12. Bd3 Nc6 13. Qh5 g6 14. Qh4 Bf8 15.
Rf3 Bg7 16. Nde2 b5 17. a3 Bb7 18. Rh3 Nf8 19. f5 Be5 20. f6 h5 21. Nf4 Bxf4
22. Bxf4 Nd4 23. Be3 e5 24. Rf1 Qd7 25. Rg3 Rac8 26. Bxd4 exd4 27. Ne2 Ne6 28.
b4 a5 29. Rg2 axb4 30. axb4 Rc4 31. Ng3 Rxb4 32. Nxh5 Rf8 33. Nf4 Rc4 34. Nd5
1-0

[Event "FRA-chT"]
[Site "FRA"]
[Date "1998.05.10"]
[Round "10"]
[White "Sarthou, Gaetan"]
[Black "Cramling, Pia"]
[Result "1/2-1/2"]
[WhiteElo "2305"]
[BlackElo "2535"]
[PlyCount "81"]
[EventDate "1998.02.06"]
[Source "ChesBase"]
[SourceDate "1998.07.07"]

1. e4 c5 2. Nf3 e6 3. d4 cxd4 4. Nxd4 Nc6 5. Nxc6 bxc6 6. Bd3 Nf6 7. Qe2 e5 8.
O-O Be7 9. f4 d6 10. b3 O-O 11. fxe5 dxe5 12. Kh1 Bg4 13. Qf2 Be6 14. Nd2 Ng4
15. Qe2 Qd4 16. Rb1 Qe3 17. Nc4 Qxe2 18. Bxe2 Bxc4 19. bxc4 Nf6 20. Bg5 Rab8
21. Rb3 h6 22. Bxf6 Bxf6 23. Rfb1 Rxb3 24. axb3 Rd8 25. Bd3 Be7 26. Ra1 Rd7 27.
Ra5 c5 28. g3 Kf8 29. Kg2 Ke8 30. Ra1 h5 31. Rd1 g6 32. Be2 Rd4 33. Bf3 Bg5 34.
Kf2 Ke7 35. Ke2 Rxd1 36. Kxd1 Be3 37. Ke2 Bd4 38. Bg2 f5 39. Kf3 Kf6 40. Bf1
Ke6 41. Bd3 1/2-1/2

[Event "FRA-chT"]
[Site "FRA"]
[Date "1998.05.10"]
[Round "10"]
[White "Vaisser, Anatoli"]
[Black "Flear, Christine"]
[Result "1-0"]
[WhiteElo "2595"]
[BlackElo "2240"]
[PlyCount "75"]
[EventDate "1998.02.06"]
[Source "ChesBase"]
[SourceDate "1998.07.07"]

1. d4 d5 2. c4 e6 3. Nc3 Nf6 4. cxd5 exd5 5. Bg5 Be7 6. e3 Nbd7 7. Bd3 O-O 8.
Nge2 c6 9. Qc2 Re8 10. O-O Nf8 11. f3 c5 12. Bb5 Bd7 13. Bxd7 Qxd7 14. Rad1 c4
15. Bxf6 Bxf6 16. e4 dxe4 17. Nxe4 Qc6 18. Nxf6+ Qxf6 19. Qxc4 h5 20. Ng3 h4
21. Ne4 Qg6 22. d5 Rac8 23. Qd4 h3 24. g3 Rc2 25. Rf2 Rec8 26. Nc3 Nd7 27. d6
Rxf2 28. Kxf2 b6 29. g4 Qc2+ 30. Qd2 Qg6 31. Kg3 Qf6 32. Qf4 Qe6 33. Qe4 Qh6
34. Qf5 Rc4 35. Ne4 Rc2 36. Nf6+ Qxf6 37. Qxc2 Qe5+ 38. Kxh3 1-0

[Event "FRA-chT"]
[Site "FRA"]
[Date "1998.05.10"]
[Round "10"]
[White "Verdier, Patrice"]
[Black "Borne, Niels"]
[Result "0-1"]
[WhiteElo "2315"]
[BlackElo "2305"]
[PlyCount "58"]
[EventDate "1998.02.06"]
[Source "ChesBase"]
[SourceDate "1998.07.07"]

1. d4 Nf6 2. c4 e6 3. Nc3 Bb4 4. e3 O-O 5. Bd3 c5 6. Nf3 d5 7. O-O cxd4 8. exd4
dxc4 9. Bxc4 b6 10. Bg5 Bb7 11. a3 Bxc3 12. bxc3 Nbd7 13. Bd3 Qc7 14. c4 Ng4
15. d5 exd5 16. cxd5 Qd6 17. Qa4 Nge5 18. Nxe5 Nxe5 19. Rad1 Nxd3 20. Rxd3 Rfe8
21. Bf4 Qg6 22. Rg3 Qe4 23. Qd7 Qxd5 24. Qg4 Qd4 25. h4 Rad8 26. h5 Re4 27. Rf3
Ba6 28. Rb1 Be2 29. g3 f5 0-1

[Event "FRA-chT"]
[Site "FRA"]
[Date "1998.05.10"]
[Round "10"]
[White "Wohlers Armas, Rike"]
[Black "Gervais, Claire"]
[Result "1-0"]
[WhiteElo "2205"]
[BlackElo "2265"]
[PlyCount "67"]
[EventDate "1998.02.06"]
[Source "ChesBase"]
[SourceDate "1998.07.07"]

1. d4 Nf6 2. c4 e6 3. Nf3 b6 4. Nc3 Bb4 5. Bd2 Bb7 6. e3 O-O 7. Bd3 d5 8. O-O
Be7 9. Rc1 Ne4 10. cxd5 exd5 11. Qc2 f5 12. Na4 c6 13. Ne5 Qe8 14. b3 Rf6 15.
f3 Nxd2 16. Qxd2 Ba6 17. f4 g6 18. Qe2 Bb7 19. Qf3 Bd6 20. Nc3 Nd7 21. Rc2 Rf8
22. Qg3 Kh8 23. Nd1 Nf6 24. Nf2 Rc8 25. Nh3 Ne4 26. Bxe4 dxe4 27. Ng5 Rc7 28.
Rfc1 Ba3 29. Rd1 Rg7 30. h4 h5 31. Qe1 Bd6 32. Qc3 c5 33. dxc5 Bxc5 34. Kf2 1-0

[Event "FRA-chT"]
[Site "FRA"]
[Date "1998.05.11"]
[Round "11"]
[White "Apicella, Manuel"]
[Black "Roos, Louis"]
[Result "1-0"]
[WhiteElo "2520"]
[BlackElo "2360"]
[PlyCount "21"]
[EventDate "1998.02.06"]
[Source "ChesBase"]
[SourceDate "1998.07.07"]

1. e4 e6 2. d4 d5 3. Nc3 Bb4 4. e5 b6 5. Bd2 Ba6 6. Qg4 Bf8 7. Nge2 h5 8. Qf3
Nc6 9. h4 Qd7 10. g3 Nge7 11. Bh3 1-0

[Event "FRA-chT"]
[Site "FRA"]
[Date "1998.05.11"]
[Round "11"]
[White "Brossard, Armel"]
[Black "Gachon, Lionel"]
[Result "0-1"]
[WhiteElo "2210"]
[BlackElo "2315"]
[PlyCount "122"]
[EventDate "1998.02.06"]
[Source "ChesBase"]
[SourceDate "1998.07.07"]

1. e4 c5 2. Nc3 Nc6 3. g3 g6 4. Bg2 Bg7 5. d3 d6 6. f4 e6 7. Nf3 Nge7 8. O-O
O-O 9. Be3 b6 10. Bf2 Ba6 11. Qd2 Rc8 12. Rfe1 Nd4 13. Nxd4 cxd4 14. Ne2 e5 15.
c3 dxc3 16. Nxc3 d5 17. fxe5 d4 18. Nd5 Bxe5 19. Nxe7+ Qxe7 20. Bh3 Rc5 21.
Rac1 Rd8 22. Rxc5 Qxc5 23. Rc1 Qb5 24. Bf1 Qa4 25. a3 Rc8 26. Rxc8+ Bxc8 27.
Be2 Qc6 28. Bd1 Be6 29. Qc2 Qd6 30. Be1 Bh3 31. Bf3 h5 32. Bb4 Qb8 33. Be1 h4
34. gxh4 Bf4 35. Kh1 Qd6 36. a4 Qf6 37. Bg2 Bg4 38. Bg3 Qe5 39. Qf2 Bxg3 40.
hxg3 Bd1 41. Bf3 Bxa4 42. Kg2 a5 43. Qd2 Qc5 44. Kf2 Bb3 45. g4 Qc7 46. h5 Qh2+
47. Ke1 Qg1+ 48. Ke2 Qh2+ 49. Ke1 Qxd2+ 50. Kxd2 gxh5 51. gxh5 f6 52. Bg4 Bf7
53. Ke2 b5 54. Kd2 Kg7 55. b4 axb4 56. Kc2 Kh6 57. Kb2 Kg5 58. Bd7 Bxh5 59. Kb3
Kf4 60. Kxb4 Ke3 61. Bxb5 Be2 0-1

[Event "FRA-chT"]
[Site "FRA"]
[Date "1998.05.11"]
[Round "11"]
[White "Carton, Camille"]
[Black "Rainfray, Arnaud"]
[Result "0-1"]
[WhiteElo "2080"]
[BlackElo "2270"]
[PlyCount "73"]
[EventDate "1998.02.06"]
[Source "ChesBase"]
[SourceDate "1998.07.07"]

1. e4 e5 2. Nf3 Nc6 3. Bc4 Nf6 4. d3 Bc5 5. Nc3 d6 6. Bg5 h6 7. Bxf6 Qxf6 8.
Nd5 Qd8 9. c3 Ne7 10. O-O c6 11. Nxe7 Qxe7 12. d4 Bb6 13. d5 O-O 14. Qd3 Kh8
15. Rad1 Bc7 16. Bb3 f5 17. Bc2 f4 18. dxc6 bxc6 19. Ba4 Bd7 20. c4 Rad8 21. b4
g5 22. Qc3 g4 23. Ne1 Qh4 24. c5 d5 25. exd5 Rf5 26. f3 g3 27. h3 Rh5 28. Qb2
Rg8 29. d6 Bd8 30. Nd3 Bf6 31. Bb3 Rg7 32. Rfe1 e4 33. Nxf4 Bxb2 34. Nxh5 exf3
35. gxf3 Qxh5 36. Re7 Qxh3 37. Rd2 0-1

[Event "FRA-chT"]
[Site "FRA"]
[Date "1998.05.11"]
[Round "11"]
[White "Collas, Didier"]
[Black "Giffard, Nicolas"]
[Result "0-1"]
[WhiteElo "2355"]
[BlackElo "2395"]
[PlyCount "90"]
[EventDate "1998.02.06"]
[Source "ChesBase"]
[SourceDate "1998.07.07"]

1. e4 c6 2. d4 d5 3. Nd2 dxe4 4. Nxe4 Nd7 5. Nf3 Ngf6 6. Nxf6+ exf6 7. g3 Be7
8. Bg2 O-O 9. O-O Nb6 10. b3 Be6 11. c4 Qd7 12. Re1 Rfd8 13. Bb2 Bf8 14. Qd2 a5
15. Qf4 Bb4 16. Rec1 Bf8 17. h4 a4 18. h5 h6 19. Nh4 Bg4 20. Bf3 Bxf3 21. Qxf3
Nc8 22. Rd1 Nd6 23. d5 c5 24. Kg2 Re8 25. Re1 b5 26. Rxe8 Rxe8 27. cxb5 Qxb5
28. Ba3 Ra8 29. bxa4 Rxa4 30. Bc1 Qc4 31. Bf4 Ne4 32. d6 Bxd6 33. Bxd6 Nxd6 34.
Rd1 Qe6 35. Qc6 Rd4 36. Rxd4 cxd4 37. Nf3 d3 38. a4 Nc4 39. Qa8+ Kh7 40. a5 d2
41. Nxd2 Nxd2 42. a6 Qe2 43. Qd5 Qf1+ 44. Kh2 Qxf2+ 45. Kh1 Qf1+ 0-1

[Event "FRA-chT"]
[Site "FRA"]
[Date "1998.05.11"]
[Round "11"]
[White "Cramling, Pia"]
[Black "Lefebvre, Herve"]
[Result "1-0"]
[WhiteElo "2535"]
[BlackElo "2125"]
[PlyCount "37"]
[EventDate "1998.02.06"]
[Source "ChesBase"]
[SourceDate "1998.07.07"]

1. d4 Nf6 2. Nf3 g6 3. c4 Bg7 4. Nc3 O-O 5. Bg5 d6 6. e3 c5 7. d5 b5 8. cxb5 a6
9. Nd2 h6 10. Bh4 axb5 11. Bxb5 Ba6 12. a4 Qa5 13. Ra3 Qb4 14. Bxf6 Bxf6 15.
Rb3 Qa5 16. Nc4 Qc7 17. O-O Nd7 18. Bxa6 Bxc3 19. Rb7 1-0

[Event "FRA-chT"]
[Site "FRA"]
[Date "1998.05.11"]
[Round "11"]
[White "Dieu, Bruno"]
[Black "Verdier, Patrice"]
[Result "0-1"]
[WhiteElo "2275"]
[BlackElo "2315"]
[PlyCount "86"]
[EventDate "1998.02.06"]
[Source "ChesBase"]
[SourceDate "1998.07.07"]

1. d4 Nf6 2. c4 c5 3. d5 b5 4. cxb5 a6 5. bxa6 g6 6. g3 d6 7. Bg2 Bxa6 8. b3
Bg7 9. Bb2 O-O 10. Nh3 Nbd7 11. O-O Qb6 12. Bc3 Rfb8 13. Nd2 Ng4 14. Bxg7 Kxg7
15. Re1 Nde5 16. Nf3 c4 17. Nd4 Bc8 18. bxc4 Nxc4 19. Nc6 Rb7 20. Qc2 Nge5 21.
Nf4 Qa6 22. Nd3 Bf5 23. e4 Na3 24. Qd1 Bg4 25. f3 Nxd3 26. Re3 Qb6 27. Qxd3 Nc2
28. Qxc2 Qxe3+ 29. Qf2 Qc3 30. Qd4+ Qxd4+ 31. Nxd4 Bd7 32. f4 Rb2 33. e5 Raxa2
34. Rxa2 Rxa2 35. Nc6 Kf8 36. exd6 exd6 37. h3 Ke8 38. Nd4 Rd2 39. Nc6 Bf5 40.
g4 Bd7 41. Kh2 Bc8 42. Kg3 Kd7 43. Be4 Bb7 0-1

[Event "FRA-chT"]
[Site "FRA"]
[Date "1998.05.11"]
[Round "11"]
[White "Eliet, Nicolas"]
[Black "Miralles, Gilles"]
[Result "1/2-1/2"]
[WhiteElo "2355"]
[BlackElo "2520"]
[PlyCount "54"]
[EventDate "1998.02.06"]
[Source "ChesBase"]
[SourceDate "1998.07.07"]

1. d4 d5 2. c4 c6 3. Nf3 Nf6 4. Nc3 dxc4 5. a4 Bf5 6. Nh4 e6 7. Nxf5 exf5 8. e3
Bd6 9. Bxc4 O-O 10. Qf3 g6 11. h3 h5 12. O-O Nbd7 13. Bd2 Rc8 14. Rfd1 Bb8 15.
h4 Ng4 16. g3 Ndf6 17. Be1 Qe7 18. Ne2 Kg7 19. Nf4 Bd6 20. Nd3 Ne4 21. Rac1
Rfe8 22. b4 Qc7 23. Nf4 Ngf6 24. Ba2 Qe7 25. Nd3 Nd5 26. b5 Nef6 27. bxc6 bxc6
1/2-1/2

[Event "FRA-chT"]
[Site "FRA"]
[Date "1998.05.11"]
[Round "11"]
[White "Flear, Glenn C"]
[Black "Loeffler, Markus"]
[Result "1-0"]
[WhiteElo "2445"]
[BlackElo "2350"]
[PlyCount "52"]
[EventDate "1998.02.06"]
[Source "ChesBase"]
[SourceDate "1998.07.07"]

1. d4 Nf6 2. c4 g6 3. Nc3 d5 4. Nf3 Bg7 5. Qb3 dxc4 6. Qxc4 O-O 7. Bf4 Na6 8.
e4 Bg4 9. Rd1 Nd7 10. Be2 c5 11. dxc5 Qa5 12. O-O Ndxc5 13. Nd5 Bxb2 14. Nxe7+
Kg7 15. Qc2 Bf6 16. Nd5 Nb4 17. Qd2 Nxe4 18. Bh6+ Kg8 19. Nxf6+ Nxf6 20. Qb2
Ne8 21. Rd4 Bxf3 22. Bxf3 Nc6 23. Bxc6 bxc6 24. Re4 f6 25. Bxf8 Kxf8 26. Rfe1
Qb5 1-0

[Event "FRA-chT"]
[Site "FRA"]
[Date "1998.05.11"]
[Round "11"]
[White "Fontaine, Robert"]
[Black "Brochet, Philippe"]
[Result "0-1"]
[WhiteElo "2365"]
[BlackElo "2270"]
[PlyCount "122"]
[EventDate "1998.02.06"]
[Source "ChesBase"]
[SourceDate "1998.07.07"]

1. e4 Nc6 2. d4 e5 3. Nf3 exd4 4. Nxd4 Qf6 5. Nxc6 Bc5 6. Qd2 dxc6 7. Nc3 Be6
8. Qf4 O-O-O 9. Bd3 Qxf4 10. Bxf4 Ne7 11. Bg3 h5 12. f4 f6 13. Bf2 Bxf2+ 14.
Kxf2 c5 15. b3 Nc6 16. Rhd1 g5 17. fxg5 fxg5 18. Na4 b6 19. c3 Ne5 20. Be2 Bg4
21. h3 Rdf8+ 22. Ke3 Bxe2 23. Kxe2 Ng6 24. Ke3 Nf4 25. Rd2 Rd8 26. Rg1 Rxd2 27.
Kxd2 Rd8+ 28. Kc2 Re8 29. Re1 Nxg2 30. Rg1 Nf4 31. Rxg5 Rxe4 32. Nb2 Re2+ 33.
Kb1 Rh2 34. Rf5 Ne2 35. Rf3 Ng1 36. Rf8+ Kb7 37. Rg8 Nxh3 38. Nd3 Nf2 39. Nf4
Ne4 40. Nd5 c6 41. Rg7+ Ka6 42. Nc7+ Ka5 43. a3 Nxc3+ 44. Kc1 Nb5 45. Nxb5 Kxb5
46. Rxa7 c4 47. Ra4 cxb3 48. Rb4+ Ka5 49. Rxb3 c5 50. Rf3 b5 51. Rf5 c4 52. Kb1
h4 53. Rf3 Ka4 54. Re3 Rg2 55. Rh3 Rg3 56. Rxh4 Kxa3 57. Rf4 Kb3 58. Rf1 b4 59.
Ka1 c3 60. Rb1+ Ka3 61. Rf1 b3 0-1